Sínodos de Santiago de Chile de 1688 y 1763 / (Record no. 144328)
[ view plain ]
| 000 -LEADER | |
|---|---|
| campo de control de longitud fija | 01299nam a2200313 4500 |
| 001 - NÚMERO DE CONTROL | |
| campo de control | 144328 |
| 003 - IDENTIFICADOR DE NÚMERO DE CONTROL | |
| campo de control | ES-MaACL |
| 005 - FECHA Y HORA DE LA ÚLTIMA TRANSACCIÓN | |
| campo de control | 20251009145255.0 |
| 007 - CAMPO FIJO DE DESCRIPCIÓN FÍSICA--INFORMACIÓN GENERAL | |
| campo de control de longitud fija | t| |
| 008 - DATOS DE LONGITUD FIJA--INFORMACIÓN GENERAL | |
| campo de control de longitud fija | 070214s1983 sp r ||||1| spa d |
| 110 2# - ENTRADA PRINCIPAL--NOMBRE DE ENTIDAD CORPORATIVA | |
| Nombre de entidad corporativa o nombre de jurisdicción como elemento de entrada | Santiago de Chile (Diócesis). |
| Unidad subordinada | Sínodo (1688) |
| 9 (RLIN) | 6503 |
| 245 10 - MENCIÓN DEL TÍTULO | |
| Título | Sínodos de Santiago de Chile de 1688 y 1763 / |
| Mención de responsabilidad, etc. | Bernardo Carrasco Saavedra, Manuel de Alday y Aspee. |
| 250 ## - MENCION DE EDICION | |
| Mención de edición | Ed. facs. |
| 260 ## - PUBLICACIÓN, DISTRIBUCIÓN, ETC. | |
| Lugar de publicación, distribución, etc. | Madrid : |
| Nombre del editor, distribuidor, etc. | Instituto `Francisco Suárez` del Consejo Superior de Investigaciones Científicas, |
| Fecha de publicación, distribución, etc. | 1983 ( |
| Lugar de fabricación/manufactura | Salamanca : |
| Fabricante | Europa) |
| 300 ## - DESCRIPCIÓN FÍSICA | |
| Extensión | XX, V, 424 p. ; |
| Dimensiones | 25 cm. |
| 490 1# - MENCIÓN DE SERIE | |
| Mención de serie | Tierra nueva a cielo nuevo ; |
| Designación de volumen o secuencia | 9 |
| 490 1# - MENCIÓN DE SERIE | |
| Mención de serie | Sínodos americanos ; |
| Designación de volumen o secuencia | 2 |
| 500 ## - NOTA GENERAL | |
| Nota general | Reimp. de la ed. de: Nueva York: Eduardo Dunigan i Hermano, 1858. |
| 655 #7 - TERMINO DE INDIZACIÓN--GENERO/FORMA | |
| Fuente del término | tgfbne |
| 9 (RLIN) | 226495 |
| Datos o término principal de género/forma | Facsímiles |
| 700 1# - ENTRADA AGREGADA--NOMBRE PERSONAL | |
| Nombre de persona | Carrasco Saavedra, Bernardo, |
| Títulos y otros términos asociados al nombre | Arzobispo de Santiago de Chile |
| 9 (RLIN) | 35569 |
| 700 1# - ENTRADA AGREGADA--NOMBRE PERSONAL | |
| Nombre de persona | Alday y Aspee, Manuel de |
| Títulos y otros términos asociados al nombre | Obispo de Santiago de Chile. |
| 9 (RLIN) | 187331 |
| 710 2# - ENTRADA AGREGADA--NOMBRE DE ENTIDAD CORPORATIVA | |
| Nombre de entidad corporativa o nombre de jurisdicción como elemento de entrada | Santiago de Chile (Diócesis). |
| Unidad subordinada | Sínodo (1763) |
| 9 (RLIN) | 6504 |
| 710 2# - ENTRADA AGREGADA--NOMBRE DE ENTIDAD CORPORATIVA | |
| Nombre de entidad corporativa o nombre de jurisdicción como elemento de entrada | Instituto "Francisco Suárez" |
| 9 (RLIN) | 5062 |
| 830 0# - PUNTO DE ACCESO ADICIONAL DE SERIE-TÍTULO UNIFORME | |
| Título uniforme | Tierra nueva a cielo nuevo ; |
| Designación de volumen o secuencia | 9 |
| 9 (RLIN) | 187332 |
| 830 0# - PUNTO DE ACCESO ADICIONAL DE SERIE-TÍTULO UNIFORME | |
| Título uniforme | Sínodos americanos ; |
| Designación de volumen o secuencia | 2 |
| 9 (RLIN) | 187333 |
| 852 ## - LOCALIZACIÓN | |
| Ubicación | ES-MaACL |
| Número de control de estantería | L-4766 |
| Sublocalización o colección | R.105653 |
| 942 ## - ELEMENTOS DE ENTRADA SECUNDARIOS (KOHA) | |
| Fuente del sistema de clasificación o colocación | Clasificación decimal universal |
| Estatus retirado | Estado de pérdida | Estado de daño | No para préstamo | Biblioteca de origen | Biblioteca actual | Ubicación en estantería | Fecha de adquisición | Fuente de adquisición | Total de préstamos | Signatura topográfica completa | Código de barras | Visto por última vez | Precio de reemplazo | Tipo de ítem Koha |
|---|---|---|---|---|---|---|---|---|---|---|---|---|---|---|
| Biblioteca del Ateneo de Madrid | Biblioteca del Ateneo de Madrid | Depósito 2 | 17/01/2008 | L-4766 | 1150161 | 23/02/2023 | 23/02/2023 | Libro impreso |
